000 00365nam a22001697a 4500
003 UA-OsUOA
001 4753
007 ta
008 20050721b un ||||| |||| 00| 0 ukr d
100 _aLeuchtenburg
700 _aE. William
942 _cBK
040 _aUA-OsUOA
_cUA-OsUOA
_dUA-OsUOA
245 _aThe Great Age of Change. V 12.
955 _a2
650 7 _2UDC
999 _c290915
_d290915